000 00640pam a2200217 a 4500
001 3870618
005 20180208075016.0
008 890421s1989 ne a b 001 0 eng
010 _a 89008210
020 _a0792302842 (U.S.)
040 _aDLC
_cDLC
_dDLC
041 _aeng
080 _a330.015195 arb
082 0 0 _a330.015195 arb
_220
100 1 _a52
101 _aeco
245 1 0 _aSpatial data configuration in statistical analysis of regional economic and related problems /
_cby Giuseppe Arbia.
504 _aIncludes bibliographical references.
906 _a7
_bcbc
_corignew
_d1
_eocip
_f19
_gy-gencatlg
942 _2ddc
_cBK
999 _c42147
_d42147